MARC details
| 000 -LEADER |
| campo de control de longitud fija |
03478nam a2200445 i 4500 |
| 001 - NÚMERO DE CONTROL |
| campo de control |
193592 |
| 003 - IDENTIFICADOR DE NÚMERO DE CONTROL |
| campo de control |
ES-MaACL |
| 005 - FECHA Y HORA DE LA ÚLTIMA TRANSACCIÓN |
| campo de control |
20250720091907.0 |
| 007 - CAMPO FIJO DE DESCRIPCIÓN FÍSICA--INFORMACIÓN GENERAL |
| campo de control de longitud fija |
ta |
| 008 - DATOS DE LONGITUD FIJA--INFORMACIÓN GENERAL |
| campo de control de longitud fija |
240117b2011 sp ||||| |||| 00| 0 spa d |
| 017 ## - NÚMERO DE COPYRIGHT O DE DEPÓSITO LEGAL |
| Número de copyright o de depósito legal |
M 25180-2011 |
| Agencia que asigna |
Oficina Depósito Legal Madrid |
| 020 ## - NÚMERO INTERNACIONAL ESTÁNDAR DEL LIBRO |
| Número Internacional Estándar del Libro |
9788415014690 |
| 040 ## - FUENTE DE CATALOGACIÓN |
| Lengua de catalogación |
spa |
| Centro/agencia transcriptor |
ES-MaACL |
| 080 ## - NÚMERO DE LA CLASIFICACIÓN DECIMAL UNIVERSAL |
| Número de la Clasificación Decimal Universal |
821.134.2-14"19/20"(082.2) |
| 080 ## - NÚMERO DE LA CLASIFICACIÓN DECIMAL UNIVERSAL |
| Número de la Clasificación Decimal Universal |
316.367.7(0:82) |
| 245 00 - MENCIÓN DEL TÍTULO |
| Título |
Blanco nuclear : |
| Resto del título |
antología de poesía gay y lésbica última / |
| Mención de responsabilidad, etc. |
coordinada por Luis Daniel Pino |
| 250 ## - MENCION DE EDICION |
| Mención de edición |
Primera edición: 2011 |
| 264 ## - PRODUCCIÓN, PUBLICACIÓN, DISTRIBUCIÓN, FABRICACIÓN Y COPYRIGHT |
| Producción, publicación, distribución, fabricación y copyright |
Madrid : |
| Nombre del de productor, editor, distribuidor, fabricante |
Sial, |
| Fecha de producción, publicación, distribución, fabricación o copyright |
2011 |
| 300 ## - DESCRIPCIÓN FÍSICA |
| Extensión |
281 páginas : |
| Otras características físicas |
ilustraciones (blanco y negro) ; |
| Dimensiones |
21 cm |
| 336 ## - TIPO DE CONTENIDO |
| Fuente |
rdacontent |
| Término de tipo de contenido |
Texto |
| 337 ## - TIPO DE MEDIO |
| Fuente |
rdamedia |
| Nombre/término del tipo de medio |
sin mediación |
| 338 ## - TIPO DE SOPORTE |
| Fuente |
rdacarrier |
| Nombre/término del tipo de soporte |
volumen |
| 490 1# - MENCIÓN DE SERIE |
| Mención de serie |
Contrapunto |
| Designación de volumen o secuencia |
; 63 |
| 500 ## - NOTA GENERAL |
| Nota general |
Índice |
| 520 ## - RESUMEN, ETC. |
| Sumario, etc. |
Blanco Nucleares un panorama de poetas que en algún momento de sus itinerarios poéticos han trabajado o lo están haciendo con la temática homosexual en el marco temporal de las tres décadas que constituyen la democracia española. Arranca, por tanto,en los años ochenta, cuando el país empieza a dejar atrás una dictadura de mas de cuarenta años y la libertad intenta instalarse en la mentalidad de una sociedad que empieza a mirar a su alrededor sin prejuicios. También están incluidos algunos autores que no aluden de manera explícita a dicha temática, si bien existe en sus textos la sutileza de una mirada versátil y gozosamente ambigua, alejada de las estrategias de ocultación que tradicionalmente han propiciado el rubor o el miedo a expresar libremente una determinada tendencia erótica.<br/><br/>Los textos de la antología reflexionan sobre algunas preguntas básicas: ¿dónde permanece la sexualidad que atraviesa un poema, en el escritor o en el lector?; ¿la poesía tiene sexo? Dentro de esta antología hay poetas que lo dejan claro desde el principio: en sus poemas convive el deseo de amar a una persona del mismo sexo; pero en otros casos, y aquí juega un papel importante el lector, se deja abierta esa posibilidad para que sea este último, hombre o mujer, quien intervenga para imaginar el género del amado. Hablar de identidad en esta antología es hablar de voces que reclaman su capacidad de enunciar, cuestionar y reinterpretar los códigos sociales y sexuales tradicionales. Los poetas sugieren esa perspectiva o espacio que sujeta sus contextos y sus diferentes maneras de pensar bajo una libertad absoluta donde su sexualidad se materializa en un encuentro universal. Blanco Nucleares un homenaje a un color que no es tal, o desde otra perspectiva, es la suma de todos.<br/><br/>Luis Daniel Pino |
| 650 #4 - PUNTO DE ACCESO ADICIONAL DE MATERIA--TÉRMINO DE MATERIA |
| 9 (RLIN) |
16221 |
| Término de materia o nombre geográfico como elemento de entrada |
Poesías españolas- |
| Subdivisión cronológica |
S.XX |
| 650 #4 - PUNTO DE ACCESO ADICIONAL DE MATERIA--TÉRMINO DE MATERIA |
| Término de materia o nombre geográfico como elemento de entrada |
Poesía española- |
| Subdivisión cronológica |
S.XXI |
| 9 (RLIN) |
16222 |
| 650 #0 - PUNTO DE ACCESO ADICIONAL DE MATERIA--TÉRMINO DE MATERIA |
| 9 (RLIN) |
233928 |
| Término de materia o nombre geográfico como elemento de entrada |
Homosexualidad- |
| Subdivisión de forma |
Poesías |
| 650 #0 - PUNTO DE ACCESO ADICIONAL DE MATERIA--TÉRMINO DE MATERIA |
| 9 (RLIN) |
239713 |
| Término de materia o nombre geográfico como elemento de entrada |
Lesbianas |
| 700 1# - ENTRADA AGREGADA--NOMBRE PERSONAL |
| 9 (RLIN) |
234899 |
| Nombre de persona |
Pino, Luis Daniel, |
| Fechas asociadas al nombre |
1975- |
| Término indicativo de función/relación |
Editor literario |
| 830 ## - PUNTO DE ACCESO ADICIONAL DE SERIE-TÍTULO UNIFORME |
| 9 (RLIN) |
176671 |
| Título uniforme |
Contrapunto |
| 852 ## - LOCALIZACIÓN |
| Ubicación |
ES-MaACL |
| Sublocalización o colección |
R. 154499 |
| Ubicación en estantería |
Depósito J |
| Número de control de estantería |
N-9598 |
| Donativo/Legado |
Donación: José Manuel Lucía Megías |
| itemnumber |
201054 |
| Encuadernación |
Encuadernación rústica con solapas |
| 903 ## - NOMBRE PERSONAL DE DONANTE |
| a |
Lucía Megías, José Manuel, |
| d |
1967- |
| e |
Donante |
| 9 |
240291 |
| 942 ## - ELEMENTOS DE ENTRADA SECUNDARIOS (KOHA) |
| Suprimir en OPAC |
No |
| Tipo de ítem Koha |
Libro impreso |